KISAH DI SEBALIK GARAM / (Record no. 173524)
[ view plain ]
| 000 -LEADER | |
|---|---|
| fixed length control field | 01456pam a2200445 ia4500 |
| 001 - CONTROL NUMBER | |
| control field | vtls000779587 |
| 003 - CONTROL NUMBER IDENTIFIER | |
| control field | PNM |
| 005 - DATE AND TIME OF LATEST TRANSACTION | |
| control field | 20190717121025.0 |
| 008 - FIXED-LENGTH DATA ELEMENTS--GENERAL INFORMATION | |
| fixed length control field | 150812s2016 my ao j 001 0 may |
| 015 ## - NATIONAL BIBLIOGRAPHY NUMBER | |
| National bibliography number | M16-12928 |
| 020 ## - INTERNATIONAL STANDARD BOOK NUMBER | |
| International Standard Book Number | 9789674600426 |
| Qualifying information | set |
| International Standard Book Number | 9789674600501 |
| Qualifying information | paperback |
| Terms of availability | RM15.00 |
| 039 #9 - LEVEL OF BIBLIOGRAPHIC CONTROL AND CODING DETAIL [OBSOLETE] | |
| Level of rules in bibliographic description | 201802081622 |
| Level of effort used to assign nonsubject heading access points | hazwani |
| Level of effort used to assign subject headings | 201707031435 |
| Level of effort used to assign classification | anis_o |
| Level of effort used to assign subject headings | 201610241623 |
| Level of effort used to assign classification | n_shuhada |
| Level of effort used to assign subject headings | 201610130955 |
| Level of effort used to assign classification | ety |
| 040 ## - CATALOGING SOURCE | |
| Original cataloging agency | BNM |
| Language of cataloging | eng |
| Transcribing agency | BNM |
| Modifying agency | PPAK |
| Description conventions | rda |
| 041 1# - LANGUAGE CODE | |
| Language code of text/sound track or separate title | may |
| Language code of original | eng |
| 049 ## - LOCAL HOLDINGS (OCLC) | |
| Holding library | klpmal |
| 082 04 - DEWEY DECIMAL CLASSIFICATION NUMBER | |
| Classification number | 553.63 |
| Edition number | 23 |
| 090 00 - LOCALLY ASSIGNED LC-TYPE CALL NUMBER (OCLC); LOCAL CALL NUMBER (RLIN) | |
| Classification number (OCLC) (R) ; Classification number, CALL (RLIN) (NR) | 553.63 |
| Feature heading | MOO |
| Feature heading | k |
| 100 1# - MAIN ENTRY--PERSONAL NAME | |
| Personal name | Moore, Heidi, |
| Dates associated with a name | 1976- |
| Relator term | author. |
| 245 10 - TITLE STATEMENT | |
| Title | KISAH DI SEBALIK GARAM / |
| Statement of responsibility, etc. | Heidi Moore ; Penterjemah Mohd Sumali Basuri |
| 246 33 - VARYING FORM OF TITLE | |
| Display text | Translation of: |
| Title proper/short title | True stories : |
| Remainder of title | the story behind salt |
| 264 #1 - PRODUCTION, PUBLICATION, DISTRIBUTION, MANUFACTURE, AND COPYRIGHT NOTICE | |
| Place of production, publication, distribution, manufacture | Kuala Lumpur : |
| Name of producer, publisher, distributor, manufacturer | Institut Terjemahan & Buku Malaysia, |
| Date of production, publication, distribution, manufacture, or copyright notice | 2016 |
| 300 ## - PHYSICAL DESCRIPTION | |
| Extent | 32 pages : |
| Other physical details | colour photographs, colour illustrations ; |
| Dimensions | 27 cm. |
| 336 ## - CONTENT TYPE | |
| Content type term | text |
| Source | rdacontent |
| 337 ## - MEDIA TYPE | |
| Media type term | unmediated |
| Source | rdamedia |
| 338 ## - CARRIER TYPE | |
| Carrier type term | volume |
| Source | rdacarrier |
| 490 1# - SERIES STATEMENT | |
| Series statement | KISAH BENAR |
| 500 ## - GENERAL NOTE | |
| General note | Includes index |
| 504 ## - BIBLIOGRAPHY, ETC. NOTE | |
| Bibliography, etc. note | Bibliography: page 31 |
| 650 10 - SUBJECT ADDED ENTRY--TOPICAL TERM | |
| Topical term or geographic name entry element | Salt |
| Form subdivision | Juvenile literature |
| Topical term or geographic name entry element | Salt |
| 700 0# - ADDED ENTRY--PERSONAL NAME | |
| Personal name | Mohd Sumali Basuri, |
| Relator term | translator. |
| 830 #0 - SERIES ADDED ENTRY--UNIFORM TITLE | |
| Uniform title | Kisah benar |
| 942 ## - ADDED ENTRY ELEMENTS (KOHA) | |
| Source of classification or shelving scheme | Dewey Decimal Classification |
| Koha item type | Book |
| 949 ## - LOCAL PROCESSING INFORMATION (OCLC) | |
| 6 | 2000063285 |
| a | 553.63 MOO M |
| 6 | 2000063271 |
| a | 553.63 MOO M |
| 6 | 1001302002 |
| e | 2476076 |
| 6 | 1001302003 |
| e | 2476077 |
| 6 | 1001302004 |
| e | 2476078 |
| Withdrawn | Not for loan | Current library | Shelving location | Date acquired | Total Checkouts | Total Renewals | Full call number | Barcode | Date last seen | Date last checked out | Koha item type |
|---|---|---|---|---|---|---|---|---|---|---|---|
| Perpustakaan Alor Setar | Pinjaman Kanak-kanak | 04/08/2019 | 1 | 1 | K 553.63 MOO | A01611215 | 02/08/2023 | 22/06/2023 | Book | ||
| Perpustakaan Langkawi | Pinjaman Kanak-kanak | 28/07/2020 | K 553.63 MOO | A00739421 | 28/07/2020 | Book |